Państwa leżące nad Morzem Północnym - Statystyki

Ogólne statystyki
  • Ten quiz został rozwiązany 17 razy
  • Średni wynik to 7 z 8
Statystyki odpowiedzi
Państwo % Poprawnych
Dania
100%
Norwegia
100%
Wielka Brytania
100%
Holandia
92%
Niemcy
92%
Belgia
83%
Szwecja
83%
Francja
75%
Nie znaleziono quizów pasujących do podanych kryteriów
Rozkład punktacji
Procent ludzi z każdym wynikiem
Percentyl według liczby udzielonych odpowiedzi
Twoja historia wyników
Nie rozwiązałeś tego quizu